RWBY Trivia Part 2 Quiz Stats

 Plays Quiz not verified by Sporcle

Score 0/30 Timer 08:00
0 Plays Today
Question Answer % Correct
????
100%
????
71%
????
56.9%
????
41.5%
????
38.2%
????
27.7%
????
27.5%
????
27%
????
26.6%
????
25.9%
????
23.1%
????
19.3%
????
15.2%
????
14.1%
????
12.7%
Question Answer % Correct
????
12.3%
????
12.1%
????
12.1%
????
10.5%
????
10.1%
????
9.2%
????
7.7%
????
7.3%
????
6.6%
????
6.4%
????
5.7%
????
5.7%
????
4.8%
????
2.9%
????
1.1%

You're not logged in!

Compare scores with friends on all Sporcle quizzes.
OR
Log In

Show Comments

Extras

Created May 15, 2016ReportNominate
Tags:challenge, trivia

Top Quizzes Today


Score Distribution

Your Account Isn't Verified!

In order to create a playlist on Sporcle, you need to verify the email address you used during registration. Go to your Sporcle Settings to finish the process.

Report this User

Report this user for behavior that violates our Community Guidelines.

Details: